000 00463nam a22001817a 4500
005 20250324153029.0
008 250324b |||||||| |||| 00| 0 eng d
020 _a9780582414549
050 _aHB 171.5 GRI
_b1
100 _aGRIFFITHS, Alan
245 _aApplied economics:
_bAn introductory course
250 _a18th
260 _aEngland
_bprentice hall
_c1999
300 _aix,762p
500 _aTables index
700 _aWall, Staurt
942 _2lcc
_cBK
_n0
999 _c5149
_d5149